000
00246nam a22001217a 4500
041
_a
ENG
100
_a
Deshmukh.S
245
_a
Tahan
260
_a
Pune
_b
Contenate Prakashan
_c
2006
300
_a
205
650
_a
Marathi
856
_u
Marathi ( 33 )
999
_c
2239
_d
2239